=LDR 00000nam 2200000 4500 =001 INLIS000000000041986 =005 20130612151504 =008 ***********************************ind** =035 ##$$0010-061300000041986 =041 ##$$a ind =082 ##$$a 641.3 =090 ##$$a 641.3, Ane a =245 ##$$a Aneka olahan buah dan sayur =260 ##$$a 2009 $b Jakarta =300 ##$$a Iv,51 hlm., Ilus., 23 cm =650 ##$$a MAKANAN DAN BAHAN MAKANAN BUAH =850 ##$$a NBPNMAT